MARC details
| 000 -CABECERA |
| campo de control de longitud fija |
02391nam a2200349 i 4500 |
| 001 - NÚMERO DE CONTROL |
| campo de control |
991061426314306706 |
| 003 - IDENTIFICADOR DEL NÚMERO DE CONTROL |
| campo de control |
ES-BaIT |
| 005 - FECHA Y HORA DE LA ÚLTIMA TRANSACCIÓN |
| campo de control |
20250722075932.0 |
| 008 - DATOS DE LONGITUD FIJA--INFORMACIÓN GENERAL |
| campo de control de longitud fija |
250704s2025 sp 000 0 spa|c |
| 017 ## - NÚMERO DE COPYRIGHT O DE DEPÓSITO LEGAL |
| Número de copyright o de depósito legal |
DL M 9414-2025 |
| Agencia que asigna |
Oficina DL de Madrid |
| 020 ## - NÚMERO INTERNACIONAL ESTÁNDAR DEL LIBRO |
| Número Internacional Estándar del Libro |
9788410060395 |
| 040 ## - FUENTE DE LA CATALOGACIÓN |
| Centro catalogador/agencia de origen |
ES-BaIT |
| Lengua de catalogación |
cat |
| Normas de descripción |
rda |
| Centro/agencia transcriptor |
ES-BaIT |
| 080 ## - NÚMERO DE LA CLASIFICACIÓN DECIMAL UNIVERSAL |
| Número de la Clasificación Decimal Universal |
612.78 |
| Identificador de la edición |
2004 |
| 080 ## - NÚMERO DE LA CLASIFICACIÓN DECIMAL UNIVERSAL |
| Número de la Clasificación Decimal Universal |
792.028.3 |
| 100 ## - ENTRADA PRINCIPAL--NOMBRE DE PERSONA |
| Nombre de persona |
León, Vicente |
| Término indicativo de función/relación |
autor |
| 9 (RLIN) |
84758 |
| 245 13 - MENCIÓN DE TÍTULO |
| Título |
La Voz del texto : |
| Resto del título |
biomecánica de la palabra hablada / |
| Mención de responsabilidad, etc. |
Vicente León |
| 250 ## - MENCIÓN DE EDICIÓN |
| Mención de edición |
Primera edición |
| 264 #1 - PRODUCCIÓN, PUBLICACIÓN, DISTRIBUCIÓN, FABRICACIÓN Y COPYRIGHT |
| Producción, publicación, distribución, fabricación y copyright |
Madrid : |
| Nombre del de productor, editor, distribuidor, fabricante |
Ediciones Antígona, |
| Fecha de producción, publicación, distribución, fabricación o copyright |
2025 |
| 300 ## - DESCRIPCIÓN FÍSICA |
| Extensión |
356 pàgines : |
| Otras características físicas |
il·lustracions ; |
| Dimensiones |
23 cm |
| 336 ## - TIPO DE CONTENIDO |
| Término de tipo de contenido |
text |
| Código de tipo de contenido |
txt |
| Fuente |
rdacontent |
| 337 ## - TIPO DE MEDIO |
| Nombre/término del tipo de medio |
sense mediació |
| Código del tipo de medio |
n |
| Fuente |
rdamedia |
| 338 ## - TIPO DE SOPORTE |
| Nombre/término del tipo de soporte |
volum |
| Código del tipo de soporte |
nc |
| Fuente |
rdacarrier |
| 490 0# - MENCIÓN DE SERIE |
| Mención de serie |
Serie RESAD, estudios teatrales ; |
| Designación de volumen o secuencia |
53 |
| 500 ## - NOTA GENERAL |
| Nota general |
Al verso de la portada: Publicaciones de la Real Escuela Superior de Arte Dramático (RESAD) |
| 504 ## - NOTA DE BIBLIOGRAFÍA, ETC. |
| Nota de bibliografía, etc. |
Bibliografia pàgines:355-356 |
| 520 ## - SUMARIO, ETC. |
| Sumario, etc. |
"El principal objetivo de este manual es crear un método de trabajo con el texto, desde su primera lectura hasta conseguir su encarnación, su oralización más humana, sólida y profunda posible. está dirigido, fundamentalmente, a actrices y actores que quieran ahondar en el trabajo del decir, de la palabra hablada, de la palabra artística en su comprensión físico-orgánica, en el dominio de su musicalidad y de sus posibilidades expresivas y comunicativas. entender el texto como partitura y el cuerpo como el instrumento que la interpreta. un cuerpo que, para la consecución de la belleza sonoro-expresiva, se ha de construir de manera consciente, consecuente y adecuada. la voz del texto. biomecánica de la palabra hablada muestra cómo desde el texto se principian y mantienen todas las posibilidades constructivas del personaje, independientemente de la deriva individual que adopte cualquier intérprete en su desarrollo creativo. señala cómo la actividad básica que el texto nos propone, ya conforma los fundamentos biomecánicos y orgánicos del personaje que vayamos a construir, independientemente de la dramaturgia, de la dirección, del estilo, etc., que hayamos elegido." -- Contracoberta |
| 650 #7 - PUNTO DE ACCESO ADICIONAL DE MATERIA--TÉRMINO DE MATERIA |
| Término de materia o nombre geográfico como elemento de entrada |
Veu |
| Subdivisión general |
Conreu |
| 9 (RLIN) |
58029 |
| 710 2# - ENTRADA AGREGADA--NOMBRE DE ENTIDAD CORPORATIVA |
| Nombre de entidad corporativa o nombre de jurisdicción como elemento de entrada |
Real Escuela Superior de Arte Dramático |
| Término indicativo de función/relación |
entitat editora |
| 9 (RLIN) |
54771 |
| 908 ## - COLOCAR PARÁMETRO DE COMANDO (RLIN) |
| Colocar parámetro de comando |
CDMAE |
| 940 ## - EQUIVALENCIA O REFERENCIA-CRUZADA--TÍTULO UNIFORME [OBSOLETO] [solamente CAN/MARC] |
| Título uniforme |
<a href="CVA7">CVA7</a> |
| 942 ## - ELEMENTOS DE ENTRADA AGREGADA (KOHA) |
| Fuente del sistema de clasificación o colocación |
Clasificación decimal universal |
| Tipo de ítem Koha |
Llibre |